[Event "Addis Ababa zt 4.4 (Women)"]
[Site "Addis Ababa"]
[Date "2022.05.04"]
[Round "5"]
[White "Mongeli, Sasha"]
[Black "Eshete, Ruth Leykun"]
[Result "1-0"]
[WhiteElo "1634"]
[BlackElo "1454"]
[PlyCount "45"]
[EventDate "2022.05.02"]
[EventType "swiss"]
[EventRounds "9"]
[EventCountry "ETH"]
[SourceTitle "CBM 208 Extra"]
[Source "ChessBase"]
[SourceDate "2022.07.31"]
[SourceVersion "1"]
[SourceVersionDate "2022.07.31"]
[SourceQuality "1"]

1. Nf3 Nc6 2. d4 d5 3. Bf4 Nf6 4. e3 Bg4 5. c4 e6 6. Nc3 Bd6 7. Bxd6 Qxd6 8. Bd3 dxc4 9. Bxc4 0-0 10. Be2 g6 11. 0-0 h6 12. a3 Rfd8 13. Rc1 Qe7 14. Qb3 Rab8 15. Rfd1 Qd6 16. h3 Bf5 17. Bd3 Bxd3 18. Rxd3 Qe7 19. Qc2 Nh7 20. b4 Nf6 21. Na4 Nd5 22. Rcd1 Qe8 23. Nc5 1-0

[Event "KEN-ch (Women)"]
[Site "Nairobi"]
[Date "2021.12.27"]
[Round "3"]
[White "Mongeli, Sasha"]
[Black "Kosgey, Sheila Jerop"]
[Result "1-0"]
[WhiteElo "1609"]
[BlackElo "1362"]
[PlyCount "72"]
[EventDate "2021.12.26"]
[EventType "swiss"]
[EventRounds "9"]
[EventCountry "KEN"]
[SourceTitle "EXT 2023"]
[Source "ChessBase"]
[SourceDate "2022.10.05"]
[SourceVersion "1"]
[SourceVersionDate "2022.10.05"]
[SourceQuality "1"]

1. Nf3 Nf6 2. b3 g6 3. Bb2 Bg7 4. c4 0-0 5. g3 d6 6. d4 c6 7. Bg2 Re8 8. 0-0 Nbd7 9. Nc3 e5 10. dxe5 dxe5 11. e3 Qe7 12. Nd2 Nc5 13. Ba3 Bg4 14. Qc2 Rac8 15. h3 Bf5 16. e4 Be6 17. Na4 Nfd7 18. Rad1 b6 19. Nf3 f5 20. exf5 Bxf5 21. Qe2 Qe6 22. Nxc5 Nxc5 23. Bxc5 bxc5 24. g4 Bxg4 25. hxg4 Qxg4 26. Nd4 Qg5 27. Nf3 Qg4 28. Nd4 Qg5 29. Nc2 e4 30. Ne3 h5 31. f4 exf3 32. Rxf3 Bd4 33. Rd3 Re7 34. Qf2 Kg7 35. Qg3 Qxg3 36. Rxg3 Rce8 1-0

[Event "KEN-ch (Women)"]
[Site "Nairobi"]
[Date "2021.12.27"]
[Round "4"]
[White "Obondo, Cynthia Awino"]
[Black "Mongeli, Sasha"]
[Result "0-1"]
[WhiteElo "1341"]
[BlackElo "1609"]
[PlyCount "62"]
[EventDate "2021.12.26"]
[EventType "swiss"]
[EventRounds "9"]
[EventCountry "KEN"]
[SourceTitle "EXT 2023"]
[Source "ChessBase"]
[SourceDate "2022.10.05"]
[SourceVersion "1"]
[SourceVersionDate "2022.10.05"]
[SourceQuality "1"]

1. d4 Nf6 2. e3 d5 3. Bd3 e6 4. Nf3 Be7 5. 0-0 Nbd7 6. Nbd2 c5 7. b3 cxd4 8. exd4 0-0 9. Bb2 b6 10. Qe2 Bb7 11. Ne5 Qc7 12. f4 Rfd8 13. g4 Nf8 14. g5 N6d7 15. Qg4 f5 16. Qh5 Nxe5 17. fxe5 Qd7 18. h4 Ng6 19. Rf2 Qe8 20. Nf1 a5 21. Nh2 Ra7 22. a4 Rda8 23. Kg2 Nf4+ 24. Rxf4 Qxh5 25. Nf1 Ba6 26. Ng3 Qe8 27. Bxa6 Rxa6 28. Rf2 b5 29. axb5 Qxb5 30. Bc3 a4 31. bxa4 Rxa4 0-1

[Event "KEN-ch (Women)"]
[Site "Nairobi"]
[Date "2021.12.26"]
[Round "2"]
[White "Albright, Nicole"]
[Black "Mongeli, Sasha"]
[Result "0-1"]
[WhiteElo "1237"]
[BlackElo "1609"]
[PlyCount "144"]
[EventDate "2021.12.26"]
[EventType "swiss"]
[EventRounds "9"]
[EventCountry "KEN"]
[SourceTitle "EXT 2023"]
[Source "ChessBase"]
[SourceDate "2022.10.05"]
[SourceVersion "1"]
[SourceVersionDate "2022.10.05"]
[SourceQuality "1"]

1. e4 c6 2. d4 d5 3. Nc3 dxe4 4. Nxe4 Nd7 5. Bc4 Ngf6 6. f3 e6 7. Ne2 Nxe4 8. fxe4 Qh4+ 9. Ng3 c5 10. Bb5 a6 11. Bxd7+ Bxd7 12. 0-0 cxd4 13. Qxd4 Qe7 14. Be3 Qd6 15. Rad1 Qxd4 16. Bxd4 f6 17. e5 f5 18. Nh5 Bb5 19. Rf2 Rd8 20. Rfd2 Kf7 21. Be3 Be7 22. Rxd8 Rxd8 23. Rxd8 Bxd8 24. Bd4 Bc6 25. Kf2 Be4 26. c3 Bb1 27. a3 Bg5 28. Be3 Be7 29. Bd4 Be4 30. g3 Bf8 31. Ke3 Ke8 32. g4 Kf7 33. g5 Ke8 34. h4 Kd7 35. Nf4 Bc2 36. Kd2 Be4 37. Ke3 Bd5 38. h5 Be7 39. Nxd5 exd5 40. Kf4 Ke6 41. h6 gxh6 42. gxh6 Bh4 43. a4 Be1 44. Kg5 Bd2+ 45. Kh5 Bf4 46. Bc5 Bxe5 47. Kg5 Bf6+ 48. Kf4 Bh4 49. Bd4 Be1 50. Kg5 Bd2+ 51. Kh5 Bc1 52. b3 Bf4 53. Bg7 Be5 54. Kg5 Bg3 55. Bh8 Be1 56. Bg7 Bf2 57. Kf4 Bh4 58. Bh8 Bd8 59. Bg7 Bf6 60. b4 b6 61. Kf3 Kf7 62. Kf4 Kg6 63. Ke3 Bg5+ 64. Kd4 Bxh6 65. Bxh6 Kxh6 66. Kxd5 f4 67. Ke4 Kg5 68. c4 f3 69. Kxf3 Kf5 70. b5 axb5 71. cxb5 Ke5 72. a5 bxa5 0-1

[Event "KEN-ch (Women)"]
[Site "Nairobi"]
[Date "2021.12.26"]
[Round "1"]
[White "Mongeli, Sasha"]
[Black "Mwashe, Yvonne Adego"]
[Result "1-0"]
[WhiteElo "1609"]
[BlackElo "1109"]
[PlyCount "75"]
[EventDate "2021.12.26"]
[EventType "swiss"]
[EventRounds "9"]
[EventCountry "KEN"]
[SourceTitle "EXT 2023"]
[Source "ChessBase"]
[SourceDate "2022.10.05"]
[SourceVersion "1"]
[SourceVersionDate "2022.10.05"]
[SourceQuality "1"]

1. e4 e5 2. Nf3 Nc6 3. Bb5 a6 4. Ba4 Nf6 5. d3 b5 6. Bb3 Be7 7. c3 d5 8. Nbd2 0-0 9. 0-0 Be6 10. Qe2 Qd6 11. Re1 d4 12. Bxe6 fxe6 13. cxd4 Nxd4 14. Nxd4 Qxd4 15. Nf3 Qc5 16. Be3 Qd6 17. Rac1 Qd7 18. Nxe5 Qd6 19. Nc6 e5 20. Nxe7+ Qxe7 21. Bc5 Qe6 22. Bxf8 Rxf8 23. b3 c6 24. h3 h6 25. Rc3 Rc8 26. Rec1 Nd7 27. b4 Qd6 28. Qc2 Nb8 29. Qb3+ Kh8 30. a4 bxa4 31. Qxa4 Rc7 32. Qa5 Kh7 33. Qc5 Qxc5 34. bxc5 Ra7 35. Ra1 a5 36. Rca3 Nd7 37. Rxa5 Rxa5 38. Rxa5 1-0